Gió qua rặng liễu

שמור ב:
מידע ביבליוגרפי
מחבר ראשי: Grahame, Kenneth
פורמט: ספר
שפה:Undetermined
יצא לאור: Hà Nội Hội nhà văn 2006
נושאים:
תגים: הוספת תג
אין תגיות, היה/י הראשונ/ה לתייג את הרשומה!
Thư viện lưu trữ: Trung tâm Học liệu Trường Đại học Cần Thơ
LEADER 00590nam a2200193Ia 4500
001 CTU_132352
008 210402s9999 xx 000 0 und d
020 |c 42000 
082 |a 820 
082 |b G738 
100 |a Grahame, Kenneth 
245 0 |a Gió qua rặng liễu 
245 0 |c Kenneth Grahame ; Nguyên Tâm dịch 
260 |a Hà Nội 
260 |b Hội nhà văn 
260 |c 2006 
650 |a Children literature,English literature,Văn học thiếu nhi,Văn học Anh 
904 |i Tuyến 
980 |a Trung tâm Học liệu Trường Đại học Cần Thơ